[Event "KATEGORNI TURNIR IV. KATEGORNIKOV"]
[Site "Domzale"]
[Date "2009.03.25"]
[Round "6"]
[White "Novsak, Noah"]
[Black "Jeras, Miha"]
[Result "0-1"]
[WhiteElo "1500"]
[BlackElo "1500"]
[PlyCount "144"]
[EventDate "2002.01.09"]

1. e4 e5 2. Nf3 Nc6 3. Bc4 Nh6 4. d3 d6 5. Bg5 Be7 6. Bxh6 gxh6 7. d4 exd4 8.
Nxd4 Nxd4 9. Qxd4 Bf6 10. e5 Bxe5 11. Qe4 Qe7 12. O-O Bxb2 13. Qxe7+ Kxe7 14.
Re1+ Kd8 15. Nd2 Bxa1 16. Rxa1 f6 17. Re1 h5 18. Nf3 Bf5 19. c3 a6 20. Bf7 Bd7
21. Bxh5 b5 22. g4 h6 23. Kg2 f5 24. g5 hxg5 25. Bf7 g4 26. Ng5 Bc6+ 27. f3
gxf3+ 28. Nxf3 Bxf3+ 29. Kxf3 Kd7 30. Be6+ Ke7 31. Bxf5+ Kf6 32. Be4 Raf8 33.
Rh1 Kg5+ 34. Ke3 Rh3+ 35. Kd4 Kf6 36. Rf1+ Ke7 37. Rxf8 Kxf8 38. Bb7 Rxh2 39.
Bxa6 Rxa2 40. Bxb5 Rd2+ 41. Kc4 Ke7 42. Bc6 Kd8 43. Kb5 Rd3 44. c4 Rb3+ 45. Ka4
Rb6 46. Bd5 Kd7 47. Ka5 Rb2 48. Ka4 c6 49. Ka3 Rb6 50. Be4 Ke6 51. Ka4 d5 52.
cxd5+ cxd5 53. Ka5 Rb2 54. Bd3 Ke5 55. Bg6 d4 56. Bd3 Rb3 57. Bb5 d3 58. Ka4
Rxb5 59. Kxb5 d2 60. Kc4 d1=Q 61. Kc3 Qa4 62. Kd3 Qc6 63. Ke3 Qd5 64. Ke2 Qe4+
65. Kd2 Qf3 66. Kc2 Qe3 67. Kb2 Qd3 68. Ka2 Qc3 69. Kb1 Kd4 70. Ka2 Qb4 71. Ka1
Kc3 72. Ka2 Qb2# 0-1

[Event "KATEGORNI TURNIR IV. KATEGORNIKOV"]
[Site "Domzale"]
[Date "2009.03.25"]
[Round "6"]
[White "Cehic Limoni, Benjamin"]
[Black "Hribar, Leon"]
[Result "0-1"]
[WhiteElo "1500"]
[BlackElo "1500"]
[PlyCount "56"]
[EventDate "2002.01.09"]

1. d4 g6 2. Nf3 Bg7 3. Nc3 Nf6 4. Bg5 h6 5. Bxf6 exf6 6. e3 O-O 7. Qd3 b6 8.
Qc4 Ba6 9. Nb5 c6 10. d5 cxb5 11. Qe4 f5 12. Qd3 b4 13. c4 Qf6 14. Qd4 Qe7 15.
Qd2 d6 16. a3 bxa3 17. Rxa3 Qc7 18. Bd3 Qc5 19. e4 Bxc4 20. exf5 Re8+ 21. Kf1
Bxb2 22. Qxb2 Bxd3+ 23. Kg1 Re2 24. Rxd3 Rxb2 25. h3 Qc1+ 26. Kh2 Qf4+ 27. g3
Rxf2+ 28. Kg1 Qxg3# 0-1

[Event "KATEGORNI TURNIR IV. KATEGORNIKOV"]
[Site "Domzale"]
[Date "2009.03.25"]
[Round "6"]
[White "Perbil, Maks"]
[Black "Rajkovic, Ziga"]
[Result "1/2-1/2"]
[WhiteElo "1500"]
[BlackElo "1500"]
[PlyCount "40"]
[EventDate "2002.01.09"]

1. e4 d5 2. exd5 Qxd5 3. d3 Nc6 4. Qf3 Qxf3 5. Nxf3 Bg4 6. Be2 O-O-O 7. O-O Nd4
8. Bd1 Bxf3 9. gxf3 Rd5 10. f4 e6 11. Re1 Bb4 12. Re5 Rxe5 13. fxe5 f6 14. exf6
gxf6 15. b3 Nc6 16. Na3 Bxa3 17. Bxa3 Nh6 18. Bf3 Rg8+ 19. Kf1 Nd4 20. Bd1 Rg5
1/2-1/2

[Event "KATEGORNI TURNIR IV. KATEGORNIKOV"]
[Site "Domzale"]
[Date "2009.04.06"]
[Round "7"]
[White "Rajkovic, Ziga"]
[Black "Sivavec, Jaka"]
[Result "0-1"]
[WhiteElo "1500"]
[BlackElo "1500"]
[PlyCount "66"]
[EventDate "2002.01.09"]

1. e4 e5 2. Nf3 Nc6 3. Bc4 Nf6 4. Nc3 Bc5 5. d3 h6 6. O-O d6 7. h3 O-O 8. b3
Be6 9. Bxe6 fxe6 10. Be3 Bb6 11. Bc1 Nd4 12. Nxd4 Bxd4 13. Bb2 d5 14. Qf3 Nxe4
15. dxe4 Rxf3 16. gxf3 Qg5+ 17. Kh1 Rf8 18. f4 exf4 19. Rad1 Bxc3 20. Bxc3 Qh4
21. Rd3 f3 22. Kh2 Qxe4 23. Rd4 Qg6 24. Rg1 Qh5 25. Bb4 Qe5+ 26. Rg3 Qxd4 27.
Bxf8 Kxf8 28. Rxf3+ Kg8 29. c3 Qe4 30. Re3 Qc2 31. c4 Qxf2+ 32. Kh1 Qxe3 33.
cxd5 exd5 0-1

[Event "KATEGORNI TURNIR IV. KATEGORNIKOV"]
[Site "Domzale"]
[Date "2009.03.18"]
[Round "7"]
[White "Hribar, Leon"]
[Black "Perbil, Maks"]
[Result "0-1"]
[WhiteElo "1500"]
[BlackElo "1500"]
[PlyCount "108"]
[EventDate "2002.01.09"]

1. e4 e5 2. Nf3 d6 3. Bc4 Nh6 4. d3 Be7 5. O-O O-O 6. Nc3 Nc6 7. Nd5 g6 8.
Nxe7+ Qxe7 9. Bg5 Qd7 10. Bxh6 Re8 11. Ng5 a6 12. Nxf7 Re6 13. Ng5 Nd8 14. Qf3
Qe8 15. c3 c6 16. d4 exd4 17. Qg4 dxc3 18. Rad1 Qe7 19. e5 d5 20. Bxd5 cxd5 21.
Rxd5 Rxe5 22. Nf3 Bxg4 23. Nxe5 Be2 24. Re1 cxb2 25. g3 Qb4 26. Bd2 Qb6 27. Nd7
Qc6 28. Re5 Qxd7 29. R1xe2 b1=Q+ 30. Re1 Qxe1+ 31. Rxe1 Qxd2 32. Kf1 Qxe1+ 33.
Kxe1 Nc6 34. Ke2 Nb4 35. a3 a5 36. axb4 axb4 37. Kd2 Ra6 38. Kd3 Rb6 39. Kc2
b3+ 40. Kb2 Kf7 41. f4 Kf6 42. g4 g5 43. f5 Ke5 44. h3 Kf4 45. h4 gxh4 46. f6
Rxf6 47. g5 Kxg5 48. Kxb3 Rf4 49. Kc3 h3 50. Kd3 h2 51. Ke2 h1=Q 52. Kd3 Qh3+
53. Ke2 Ra4 54. Kd2 Ra2+ 0-1

[Event "KATEGORNI TURNIR IV. KATEGORNIKOV"]
[Site "Domzale"]
[Date "2009.03.25"]
[Round "7"]
[White "Klancicar, Vid"]
[Black "Novsak, Noah"]
[Result "0-1"]
[WhiteElo "1500"]
[BlackElo "1500"]
[PlyCount "74"]
[EventDate "2002.01.09"]

1. e4 e5 2. Nf3 Nc6 3. Bb5 Bc5 4. d3 Nf6 5. Bxc6 dxc6 6. Nxe5 Bxf2+ 7. Kxf2
Qd4+ 8. Kf1 Qxe5 9. Nc3 Bg4 10. Qe1 Nh5 11. h3 Qf6+ 12. Kg1 Be6 13. Be3 Qg6 14.
Qf2 Ng3 15. Rh2 O-O 16. Bxa7 b6 17. a4 Rxa7 18. a5 c5 19. Nb5 Rb7 20. a6 Rbb8
21. Nxc7 Nxe4 22. dxe4 Qxe4 23. a7 Rbc8 24. a8=Q Rxa8 25. Nxa8 Rxa8 26. Rxa8+
Qxa8 27. Qf4 Qa1+ 28. Kf2 h6 29. Qb8+ Kh7 30. Qxb6 Qc1 31. Qxc5 Qd2+ 32. Kf3
Bd5+ 33. Kg3 Qe1+ 34. Qf2 Qe5+ 35. Qf4 Qe1+ 36. Kg4 Be6+ 37. Kh5 g6# 0-1

[Event "KATEGORNI TURNIR IV. KATEGORNIKOV"]
[Site "Domzale"]
[Date "2009.03.03"]
[Round "7"]
[White "Tavcar, Jan"]
[Black "Jeric, Miha"]
[Result "1/2-1/2"]
[WhiteElo "1500"]
[BlackElo "1500"]
[PlyCount "114"]
[EventDate "2002.01.09"]

1. e4 e6 2. d4 d5 3. Nc3 Nf6 4. Nf3 dxe4 5. Nxe4 Nxe4 6. Bd3 Nf6 7. Be3 Bd6 8.
a3 O-O 9. b4 Ng4 10. Qd2 Nxe3 11. Qxe3 Re8 12. O-O Nc6 13. c4 e5 14. c5 exd4
15. Qd2 Be7 16. Bb5 Bd7 17. Bxc6 Bxc6 18. Nxd4 Bf6 19. Rad1 Bxd4 20. Qxd4 Qxd4
21. Rxd4 Rad8 22. Rxd8 Rxd8 23. Re1 Rd3 24. a4 Bxa4 25. Rf1 Bb5 26. h3 h6 27.
Ra1 Rb3 28. Rxa7 Rxb4 29. Rxb7 Rb1+ 30. Kh2 Bd3 31. Rxc7 Rc1 32. Rc8+ Kh7 33.
c6 Be4 34. c7 Bf5 35. Re8 Rxc7 36. g4 Be6 37. f4 Rc8 38. Rxc8 Bxc8 39. f5 Bxf5
40. gxf5 g6 41. fxg6+ fxg6 42. Kg3 h5 43. h4 Kh6 44. Kh3 g5 45. hxg5+ Kxg5 46.
Kh2 h4 47. Kh3 Kh5 48. Kh2 Kg4 49. Kg2 h3+ 50. Kh2 Kh4 51. Kh1 Kg4 52. Kh2 Kh4
53. Kh1 Kg3 54. Kg1 Kf3 55. Kh2 Kg4 56. Kg1 Kh4 57. Kh2 Kg4 1/2-1/2

[Event "KATEGORNI TURNIR IV. KATEGORNIKOV"]
[Site "Domzale"]
[Date "2009.03.18"]
[Round "7"]
[White "Simenc, Blaz"]
[Black "Mazej, Ziga"]
[Result "1-0"]
[WhiteElo "1500"]
[BlackElo "1500"]
[PlyCount "111"]
[EventDate "2002.01.09"]

1. e4 e5 2. d3 Nc6 3. Nf3 Nf6 4. Be2 Bc5 5. Bg5 O-O 6. O-O h6 7. Bxf6 Qxf6 8.
Nc3 d6 9. Nd5 Qe6 10. Nxc7 Qg4 11. Nxa8 Bb6 12. Nxb6 axb6 13. Nxe5 Qe6 14. Nxc6
bxc6 15. h3 Bb7 16. a3 d5 17. exd5 cxd5 18. d4 Bc6 19. c3 Ra8 20. Qd3 Ra5 21.
b4 Ra4 22. Rfe1 Bd7 23. Bd1 Qxe1+ 24. Kh2 Ra8 25. Ra2 Qe8 26. Bc2 Qb8+ 27. g3
g6 28. Qe3 Ba4 29. Bxa4 Rxa4 30. Qxh6 b5 31. Qg5 Qc7 32. Qxd5 Qxc3 33. Qxb5
Rxa3 34. Rxa3 Qxa3 35. d5 Qa2 36. Qc5 Qa8 37. b5 Qb8 38. d6 f6 39. Qc7 Qxb5 40.
d7 Kh7 41. d8=Q+ Kh6 42. Qdd6 Qb2 43. Qcc5 f5 44. Qe3+ Kh7 45. Kg2 Qb7+ 46. Qf3
Qxf3+ 47. Kxf3 Kh6 48. g4 fxg4+ 49. hxg4 Kg5 50. Qe5+ Kh4 51. g5 Kh5 52. Ke3
Kh4 53. f3 Kh3 54. Kf2 Kh4 55. Qf4+ Kh3 56. Qg3# 1-0

[Event "KATEGORNI TURNIR IV. KATEGORNIKOV"]
[Site "Domzale"]
[Date "2009.05.01"]
[Round "8"]
[White "Sivavec, Jaka"]
[Black "Mazej, Ziga"]
[Result "*"]
[WhiteElo "1500"]
[BlackElo "1500"]
[PlyCount "81"]
[EventDate "2002.01.09"]

1. e4 e5 2. Nf3 Nc6 3. d4 d6 4. dxe5 dxe5 5. Qxd8+ Kxd8 6. Nc3 Nf6 7. Bc4 Be6
8. Bxe6 fxe6 9. Ng5 Ke7 10. O-O Kd7 11. Rd1+ Bd6 12. Nf7 Rhf8 13. Nxd6 cxd6 14.
Nb5 Ne8 15. Be3 a6 16. Nc3 Nc7 17. Bc5 Ne8 18. Na4 Rf4 19. Nb6+ Kd8 20. Nxa8
Rxe4 21. f3 Re2 22. Bxd6 Nxd6 23. Rxd6+ Ke7 24. Rdd1 Rxc2 25. Rdb1 Nd4 26. Re1
Ne2+ 27. Kf1 Nf4 28. Rxe5 Nd3 29. Re2 Rc6 30. Re3 Nf4 31. Rb3 b5 32. Rb4 Nd3
33. Rg4 g6 34. Rd4 Ne5 35. Re1 Nc4 36. Rc1 e5 37. Re1 Ke6 38. Rd8 Nxb2 39. Re8+
Kd5 40. R1xe5+ Kd4 41. Re4+ *

[Event "KATEGORNI TURNIR IV. KATEGORNIKOV"]
[Site "Domzale"]
[Date "2009.03.25"]
[Round "8"]
[White "Jeric, Miha"]
[Black "Simenc, Blaz"]
[Result "0-1"]
[WhiteElo "1500"]
[BlackElo "1500"]
[PlyCount "77"]
[EventDate "2002.01.09"]

1. Nf3 Nf6 2. d4 d5 3. c4 dxc4 4. Nc3 e6 5. Bd2 Bb4 6. e3 Bxc3 7. Bxc3 Ne4 8.
Qc2 Nxc3 9. Qxc3 O-O 10. Bxc4 a6 11. Qd3 Qd6 12. Ng5 g6 13. Qe4 Qb4+ 14. Kd1 h6
15. Nf3 Qxc4 16. Rc1 Qxa2 17. Rxc7 Nc6 18. Qc2 Qa1+ 19. Qc1 Qxc1+ 20. Kxc1 Na5
21. Ne5 f6 22. Nxg6 Re8 23. Ne7+ Kf8 24. Ng6+ Kg8 25. Ne7+ Kh8 26. Rd1 Nb3+ 27.
Kc2 Na5 28. Rc1 Nc6 29. Nxc6 bxc6 30. Rxc6 Bb7 31. Rc7 Bxg2 32. Rg1 Rg8 33. Rf7
Be4+ 34. Kd2 Rxg1 35. Rxf6 Rg6 36. Rf4 Bd5 37. Rf7 Rg2 38. Rd7 Rxf2+ 39. Ke1
0-1

[Event "KATEGORNI TURNIR IV. KATEGORNIKOV"]
[Site "Domzale"]
[Date "2009.03.18"]
[Round "8"]
[White "Novsak, Noah"]
[Black "Tavcar, Jan"]
[Result "1-0"]
[WhiteElo "1500"]
[BlackElo "1500"]
[PlyCount "119"]
[EventDate "2002.01.09"]

1. e4 e5 2. Nf3 Nc6 3. Bc4 Bc5 4. d3 d6 5. Ng5 Nh6 6. c3 O-O 7. a4 a6 8. b4 Ba7
9. O-O Ne7 10. Nf3 c6 11. Bxh6 b5 12. axb5 axb5 13. Bxg7 Kxg7 14. Bb3 Bg4 15.
d4 Bxf3 16. Qxf3 exd4 17. cxd4 Bxd4 18. Rxa8 Qxa8 19. Qg3+ Kh8 20. Qxd6 Bg7 21.
Qf4 Ng6 22. Qg3 Be5 23. Qf3 Nh4 24. Qh5 Ng6 25. Qf5 Qc8 26. Qxc8 Rxc8 27. Bxf7
Rf8 28. Bxg6 hxg6 29. Rc1 Rc8 30. Nc3 Bd6 31. g3 Bxb4 32. Ne2 c5 33. e5 c4 34.
Nd4 Bd2 35. Rb1 b4 36. Kf1 c3 37. Ke2 c2 38. Nxc2 Rxc2 39. Kd3 Rc3+ 40. Kxd2
Rc4 41. Kd3 Rc5 42. Rxb4 Rxe5 43. Rh4+ Kg7 44. f4 Rd5+ 45. Ke4 Rd2 46. f5 gxf5+
47. Kxf5 Rd5+ 48. Kf4 Rd4+ 49. Kg5 Rxh4 50. Kxh4 Kg6 51. g4 Kh6 52. Kg3 Kg5 53.
h4+ Kh6 54. Kf4 Kg6 55. h5+ Kh6 56. Kf5 Kh7 57. g5 Kg7 58. g6 Kh6 59. Kf6 Kxh5
60. g7 1-0

[Event "KATEGORNI TURNIR IV. KATEGORNIKOV"]
[Site "Domzale"]
[Date "2009.03.25"]
[Round "8"]
[White "Perbil, Maks"]
[Black "Jeras, Miha"]
[Result "1/2-1/2"]
[WhiteElo "1500"]
[BlackElo "1500"]
[PlyCount "36"]
[EventDate "2002.01.09"]

1. e4 e5 2. Nf3 Nc6 3. Bc4 Bc5 4. O-O Nf6 5. Nc3 O-O 6. Bb5 a6 7. Bxc6 bxc6 8.
Nxe5 Bd4 9. Nf3 Bc5 10. d4 Bb4 11. Qd2 d5 12. exd5 cxd5 13. a3 Ba5 14. b4 Bb6
15. b5 axb5 16. Nxb5 Bd7 17. Nc3 Bf5 18. Nh4 Bg4 1/2-1/2

[Event "KATEGORNI TURNIR IV. KATEGORNIKOV"]
[Site "Domzale"]
[Date "2009.03.18"]
[Round "8"]
[White "Rajkovic, Ziga"]
[Black "Hribar, Leon"]
[Result "0-1"]
[WhiteElo "1500"]
[BlackElo "1500"]
[PlyCount "46"]
[EventDate "2002.01.09"]

1. e4 e5 2. Nf3 Nc6 3. Bb5 a6 4. Bxc6 bxc6 5. Nxe5 Qe7 6. Qh5 g6 7. Qg4 Qxe5 8.
O-O Bg7 9. d3 Nf6 10. Bf4 d6 11. Qf3 Bg4 12. Qg3 Qc5 13. Bg5 O-O 14. Bxf6 Bxf6
15. Qxg4 Qxc2 16. Na3 Qxb2 17. Nc4 Qb5 18. Qf4 Rab8 19. Qxf6 Rb7 20. e5 Rfb8
21. Na3 Qb2 22. e6 Qxf6 23. exf7+ Kxf7 0-1

[Event "KATEGORNI TURNIR IV. KATEGORNIKOV"]
[Site "Domzale"]
[Date "2009.04.06"]
[Round "9"]
[White "Hribar, Leon"]
[Black "Sivavec, Jaka"]
[Result "0-1"]
[WhiteElo "1500"]
[BlackElo "1500"]
[PlyCount "60"]
[EventDate "2002.01.09"]

1. d3 e5 2. e4 Nc6 3. Nf3 Nf6 4. d4 exd4 5. c3 dxc3 6. Nxc3 Bb4 7. a3 Bxc3+ 8.
bxc3 Nxe4 9. Bd3 Nf6 10. Qe2+ Qe7 11. O-O Qxe2 12. Bxe2 O-O 13. a4 d6 14. c4
Re8 15. Bd3 Bg4 16. Ng5 h6 17. Bh7+ Nxh7 18. f3 Bf5 19. c5 hxg5 20. cxd6 cxd6
21. Rd1 Re6 22. Rd5 g6 23. Ba3 Nf6 24. Bxd6 Nxd5 25. Be7 Ndxe7 26. g3 Re8 27.
f4 gxf4 28. gxf4 Nd5 29. Rf1 Re1 30. Rxe1 Rxe1+ 0-1

[Event "KATEGORNI TURNIR IV. KATEGORNIKOV"]
[Site "Domzale"]
[Date "2009.03.18"]
[Round "9"]
[White "Jeras, Miha"]
[Black "Rajkovic, Ziga"]
[Result "1/2-1/2"]
[WhiteElo "1500"]
[BlackElo "1500"]
[PlyCount "119"]
[EventDate "2002.01.09"]

1. e4 d5 2. Nc3 Nf6 3. f3 Nc6 4. d3 Nd4 5. Be3 c5 6. Nh3 e6 7. Be2 Qb6 8. O-O
dxe4 9. fxe4 e5 10. Ng5 Qxb2 11. Nd5 Nxd5 12. exd5 Nxc2 13. Rc1 Nxe3 14. Qa4+
Bd7 15. Qe4 Nxf1 16. Rxf1 f5 17. Qh4 Qxe2 18. Rb1 Qc2 19. Qe1 Qxd3 20. Rd1 Qc2
21. Qxe5+ Be7 22. Qe1 Kf8 23. Nf3 g5 24. Ne5 Rd8 25. Rd2 Qc3 26. Nf3 c4 27. Qe2
Bc5+ 28. Kf1 Qc1+ 29. Rd1 Qa3 30. Ne5 Bb5 31. Qd2 g4 32. Qh6+ Kg8 33. Qg5+ Kf8
34. Qxd8+ Kg7 35. Qc7+ Kg8 36. Qb8+ Kg7 37. Qxb7+ Kg8 38. Qxb5 g3 39. Qe8+ Kg7
40. Qf7+ Kh6 41. Qf6+ Kh5 42. Qxh8 gxh2 43. Qxh7+ Kg5 44. Qxh2 Qxa2 45. Qg3+
Kf6 46. Nd7+ Ke7 47. Nxc5 Qc2 48. Re1+ Kd8 49. Nb7+ Kd7 50. Qd6+ Kc8 51. Nd8
Qd3+ 52. Re2 Qd1+ 53. Kf2 c3 54. Nc6 c2 55. Re1 Qd2+ 56. Kf1 c1=Q 57. Rxc1
Qxc1+ 58. Kf2 Qc2+ 59. Kg3 Qd3+ 60. Kh2 1/2-1/2

[Event "KATEGORNI TURNIR IV. KATEGORNIKOV"]
[Site "Domzale"]
[Date "2009.03.18"]
[Round "9"]
[White "Klancicar, Vid"]
[Black "Perbil, Maks"]
[Result "1-0"]
[WhiteElo "1500"]
[BlackElo "1500"]
[PlyCount "57"]
[EventDate "2002.01.09"]

1. e4 e5 2. Nf3 d6 3. Nc3 c6 4. Bc4 Nf6 5. d3 d5 6. Bb3 d4 7. Ne2 c5 8. Nxe5
Ng4 9. Nxf7 Qf6 10. O-O Qxf7 11. Bxf7+ Kxf7 12. Nf4 Nc6 13. h3 Nh6 14. Nd5 Bd6
15. Bxh6 gxh6 16. Qh5+ Kg7 17. Rfe1 Be6 18. c3 dxc3 19. bxc3 b5 20. Re3 Raf8
21. Rb1 a6 22. c4 bxc4 23. dxc4 a5 24. Rb6 Rc8 25. Rb7+ Rc7 26. Nxc7 Bxc7 27.
Rxc7+ Kf8 28. Rf3+ Kg8 29. Qe8# 1-0

[Event "KATEGORNI TURNIR IV. KATEGORNIKOV"]
[Site "Domzale"]
[Date "2009.03.25"]
[Round "9"]
[White "Tavcar, Jan"]
[Black "Cehic Limoni, Benjamin"]
[Result "1-0"]
[WhiteElo "1500"]
[BlackElo "1500"]
[PlyCount "45"]
[EventDate "2002.01.09"]

1. e4 d5 2. exd5 Nf6 3. Nc3 c6 4. Bc4 e6 5. dxc6 Nxc6 6. Nf3 Bc5 7. O-O O-O 8.
d3 Ng4 9. Ne4 Qb6 10. Qd2 Qc7 11. Nxc5 b6 12. Na6 Bxa6 13. Bxa6 Nd4 14. Qf4
Qxf4 15. Bxf4 Nxc2 16. Bb7 Rad8 17. Rad1 Rfe8 18. Bg5 f6 19. h3 Rd7 20. Bc6
fxg5 21. hxg4 Rc7 22. Bxe8 Nb4 23. a3 1-0

[Event "KATEGORNI TURNIR IV. KATEGORNIKOV"]
[Site "Domzale"]
[Date "2009.04.01"]
[Round "9"]
[White "Simenc, Blaz"]
[Black "Novsak, Noah"]
[Result "0-1"]
[WhiteElo "1500"]
[BlackElo "1500"]
[PlyCount "78"]
[EventDate "2002.01.09"]

1. e4 e5 2. d3 Nf6 3. Nf3 Nc6 4. Be2 Bc5 5. Nc3 d6 6. O-O O-O 7. h3 Nh5 8. Ng5
Ng3 9. Re1 Qf6 10. Nf3 Nd4 11. Nd5 Nxf3+ 12. Bxf3 Qg6 13. Nxc7 Rb8 14. Nb5 f5
15. Be3 fxe4 16. Bxe4 Nxe4 17. dxe4 Bxh3 18. g3 Bxe3 19. Rxe3 Bg4 20. Qxd6 Qxd6
21. Nxd6 g6 22. a3 Rbd8 23. Nxb7 Rb8 24. Nc5 Rxb2 25. Nd3 Rxc2 26. Nxe5 Bh3 27.
Nd3 g5 28. f4 gxf4 29. Nxf4 Bg4 30. e5 Kf7 31. e6+ Ke7 32. Nd5+ Ke8 33. Nf6+
Rxf6 34. a4 Rff2 35. e7 Rg2+ 36. Kh1 Rh2+ 37. Kg1 Rcg2+ 38. Kf1 Bh3 39. Ke1
Rh1# 0-1

[Event "KATEGORNI TURNIR IV. KATEGORNIKOV"]
[Site "Domzale"]
[Date "2009.04.01"]
[Round "9"]
[White "Mazej, Ziga"]
[Black "Jeric, Miha"]
[Result "1/2-1/2"]
[WhiteElo "1500"]
[BlackElo "1500"]
[PlyCount "101"]
[EventDate "2002.01.09"]

1. e4 e6 2. Nf3 d5 3. exd5 Qxd5 4. Be2 Bd6 5. O-O e5 6. Nc3 Qe6 7. d3 Nf6 8.
Bg5 Qf5 9. Bxf6 Qxf6 10. Nd5 Qh6 11. h3 Be6 12. Ne3 Qg6 13. Nh4 Qg5 14. Nf3 Qg6
15. Nh4 Qh6 16. Nhf5 Bxf5 17. Nxf5 Qf6 18. Nxd6+ Qxd6 19. Bg4 O-O 20. Re1 Nd7
21. Bxd7 Qxd7 22. Rxe5 Qd4 23. Re2 Qxb2 24. Qb1 Qxb1+ 25. Rxb1 b6 26. Re7 Rac8
27. Rb3 Rfe8 28. Rxe8+ Rxe8 29. Rc3 c5 30. Kf1 h5 31. h4 f6 32. g3 g5 33. hxg5
fxg5 34. Rc4 Rd8 35. f3 Rd4 36. Rxd4 cxd4 37. g4 hxg4 38. fxg4 Kf7 39. Kf2 Ke6
40. Kf3 a5 41. Ke4 b5 42. Kxd4 b4 43. Ke4 a4 44. d4 Kf6 45. d5 Ke7 46. Ke5 Kf7
47. d6 Ke8 48. Ke6 Kd8 49. d7 a3 50. Kd6 b3 51. cxb3 1/2-1/2

[Event "KATEGORNI TURNIR IV. KATEGORNIKOV"]
[Site "Domzale"]
[Date "2002.03.25"]
[Round "10"]
[White "Sivavec, Jaka"]
[Black "Jeric, Miha"]
[Result "0-1"]
[WhiteElo "1500"]
[BlackElo "1500"]
[PlyCount "128"]
[EventDate "2002.01.09"]

1. e4 e6 2. Nf3 d5 3. exd5 exd5 4. Qe2+ Qe7 5. Qxe7+ Bxe7 6. Nc3 Nf6 7. Bb5+
Bd7 8. Bxd7+ Nbxd7 9. O-O O-O 10. d3 Rfe8 11. Bg5 h6 12. Bxf6 Nxf6 13. Nb5 Bd8
14. Rfe1 Rxe1+ 15. Rxe1 c6 16. Nbd4 Bb6 17. a3 Re8 18. Rxe8+ Nxe8 19. b4 c5 20.
bxc5 Bxc5 21. Nb3 Bxa3 22. Na5 Nd6 23. Nd2 Bb4 24. Ndb3 Bxa5 25. Nxa5 b6 26.
Nc6 a5 27. Kf1 g5 28. Ke1 f5 29. Ne7+ Kf7 30. Nxd5 b5 31. Kd2 f4 32. c3 Ke6 33.
Nb6 Kf5 34. c4 bxc4 35. Nxc4 Nb5 36. Nxa5 g4 37. Nb3 g3 38. hxg3 fxg3 39. Ke2
Kg4 40. Nc5 Nd4+ 41. Ke3 h5 42. Kxd4 gxf2 43. Ne4 f1=Q 44. Nd2 Qxg2 45. Nc4 h4
46. Ne3+ Kg3 47. Nxg2 Kxg2 48. Ke4 h3 49. d4 h2 50. d5 h1=Q 51. d6 Kg3+ 52. Ke5
Qb7 53. Ke6 Qc8+ 54. d7 Qd8 55. Kd6 Kf4 56. Ke6 Kg5 57. Kd6 Kf6 58. Kc6 Ke7 59.
Kb7 Qxd7+ 60. Kb6 Kd6 61. Ka6 Qc6+ 62. Ka7 Qb5 63. Ka8 Kc7 64. Ka7 Qb7# 0-1

[Event "KATEGORNI TURNIR IV. KATEGORNIKOV"]
[Site "Domzale"]
[Date "2009.03.18"]
[Round "10"]
[White "Novsak, Noah"]
[Black "Mazej, Ziga"]
[Result "1-0"]
[WhiteElo "1500"]
[BlackElo "1500"]
[PlyCount "79"]
[EventDate "2002.01.09"]

1. e4 e5 2. Nf3 Nc6 3. Bc4 Bc5 4. d3 h6 5. O-O Nf6 6. c3 O-O 7. a4 d6 8. b4 d5
9. exd5 Bxb4 10. cxb4 Nxb4 11. Nxe5 Bg4 12. Qe1 Bf5 13. d6 Nxd3 14. Bxd3 Bxd3
15. Nxd3 cxd6 16. Qb4 d5 17. Bf4 g5 18. Be3 b6 19. Rd1 Rc8 20. a5 Rb8 21. Nc3
Re8 22. Bd4 Ne4 23. Be5 Rb7 24. Nxe4 dxe4 25. Nc5 Rbe7 26. Rxd8 Rxd8 27. Bf6
Rde8 28. Bxe7 Rxe7 29. Nxe4 Rd7 30. Nf6+ Kg7 31. Nxd7 bxa5 32. Rxa5 a6 33. Qd4+
f6 34. Qxf6+ Kg8 35. Qf8+ Kh7 36. Rxa6 h5 37. Qh6+ Kg8 38. Rg6+ Kf7 39. Qh7+
Ke8 40. Rg8# 1-0

[Event "KATEGORNI TURNIR IV. KATEGORNIKOV"]
[Site "Domzale"]
[Date "2009.03.18"]
[Round "10"]
[White "Cehic Limoni, Benjamin"]
[Black "Simenc, Blaz"]
[Result "0-1"]
[WhiteElo "1500"]
[BlackElo "1500"]
[PlyCount "70"]
[EventDate "2002.01.09"]

1. d4 d5 2. Nf3 Nf6 3. Nc3 e6 4. Bg5 Be7 5. e3 h6 6. Bxf6 Bxf6 7. Bd3 O-O 8.
O-O Nc6 9. h3 Bd7 10. a4 a6 11. Nd2 Qe7 12. Qf3 Nb4 13. Nb3 Nxd3 14. cxd3 Qe8
15. e4 dxe4 16. dxe4 e5 17. dxe5 Bxe5 18. Nd5 Bxa4 19. Rab1 Bxb3 20. Qxb3 Qd7
21. f4 Bd6 22. e5 Bc5+ 23. Ne3 Bxe3+ 24. Qxe3 Qb5 25. f5 Rfe8 26. e6 f6 27. Rf3
Re7 28. Rg3 Qxf5 29. Qxh6 Qxb1+ 30. Kh2 Qxb2 31. Rg4 Qe5+ 32. Kh1 Rd8 33. Kg1
Qxe6 34. Rh4 gxh6 35. Rxh6 Qe5 0-1

[Event "KATEGORNI TURNIR IV. KATEGORNIKOV"]
[Site "Domzale"]
[Date "2009.03.18"]
[Round "10"]
[White "Perbil, Maks"]
[Black "Tavcar, Jan"]
[Result "1/2-1/2"]
[WhiteElo "1500"]
[BlackElo "1500"]
[PlyCount "96"]
[EventDate "2002.01.09"]

1. e4 e5 2. Nf3 Nc6 3. Bb5 d6 4. Bxc6+ bxc6 5. O-O Nf6 6. d3 Be7 7. Nc3 O-O 8.
Bg5 h6 9. Bxf6 Bxf6 10. g3 d5 11. exd5 cxd5 12. d4 e4 13. Ne5 Bxe5 14. dxe5 d4
15. Nxe4 Bb7 16. f3 Ba6 17. Re1 c5 18. c3 dxc3 19. Qxd8 Raxd8 20. bxc3 f5 21.
exf6 gxf6 22. Nxc5 Bc8 23. Rad1 Rxd1 24. Rxd1 Bf5 25. Nd7 Bxd7 26. Rxd7 Rc8 27.
Rxa7 Rxc3 28. Kf2 Rc2+ 29. Kg1 Rc1+ 30. Kg2 Rc2+ 31. Kh3 Rc3 32. f4 Kf8 33. Rh7
Rc2 34. Rxh6 Rxa2 35. Rxf6+ Kg8 36. g4 Kg7 37. g5 Ra3+ 38. Kg4 Ra2 39. h4 Ra7
40. Kh5 Re7 41. f5 Re5 42. g6 Kxf6 43. Kh6 Re8 44. Kh7 Kxf5 45. g7 Re7 46. Kh8
Rxg7 47. Kxg7 Kg4 48. h5 Kxh5 1/2-1/2

[Event "KATEGORNI TURNIR IV. KATEGORNIKOV"]
[Site "Domzale"]
[Date "2009.03.18"]
[Round "10"]
[White "Rajkovic, Ziga"]
[Black "Klancicar, Vid"]
[Result "0-1"]
[WhiteElo "1500"]
[BlackElo "1500"]
[PlyCount "30"]
[EventDate "2002.01.09"]

1. e4 c5 2. Nc3 Nc6 3. Bb5 d6 4. Bxc6+ bxc6 5. Qf3 Nf6 6. d3 e6 7. Bg5 Be7 8.
Nh3 O-O 9. Qg4 Nxg4 10. Bxe7 Qxe7 11. Nf4 Qf6 12. g3 e5 13. Nh5 Qxf2+ 14. Kd1
Ne3+ 15. Kc1 Qxc2# 0-1

[Event "KATEGORNI TURNIR IV. KATEGORNIKOV"]
[Site "Domzale"]
[Date "2009.03.18"]
[Round "10"]
[White "Hribar, Leon"]
[Black "Jeras, Miha"]
[Result "0-1"]
[WhiteElo "1500"]
[BlackElo "1500"]
[PlyCount "48"]
[EventDate "2002.01.09"]

1. e4 e5 2. Nf3 Nc6 3. Bc4 Bc5 4. Ng5 Nh6 5. O-O O-O 6. d3 d6 7. Qf3 Bg4 8. Qg3
Nd4 9. Nxf7 Nxf7 10. Bxf7+ Rxf7 11. Qxg4 Nxc2 12. Bh6 Qf6 13. Bg5 Qg6 14. d4
Bxd4 15. Qe2 Nxa1 16. Qb5 Rb8 17. Bd8 Rxd8 18. Qxb7 Nc2 19. Na3 Nxa3 20. bxa3
Rdf8 21. a4 Bxf2+ 22. Kh1 h6 23. Rc1 Be3 24. Rxc7 Rf1# 0-1

[Event "KATEGORNI TURNIR IV. KATEGORNIKOV"]
[Site "Domzale"]
[Date "2009.04.01"]
[Round "11"]
[White "Jeras, Miha"]
[Black "Sivavec, Jaka"]
[Result "0-1"]
[WhiteElo "1500"]
[BlackElo "1500"]
[PlyCount "126"]
[EventDate "2002.01.09"]

1. e4 e5 2. Nf3 Nc6 3. Bb5 Nf6 4. Nc3 Bb4 5. a3 Bxc3 6. dxc3 O-O 7. O-O d6 8.
Bg5 Bg4 9. Bxf6 Qxf6 10. Bxc6 bxc6 11. h3 Bxf3 12. Qxf3 Qxf3 13. gxf3 Rab8 14.
Rab1 Rfe8 15. Kh2 d5 16. b3 dxe4 17. fxe4 Rbd8 18. Rbd1 h6 19. Rxd8 Rxd8 20. c4
Rd2 21. Rc1 Rxf2+ 22. Kg3 Re2 23. Kf3 Rd2 24. a4 Rd8 25. Ke3 g5 26. b4 Rd4 27.
b5 cxb5 28. axb5 Rxc4 29. Kd3 Rb4 30. b6 axb6 31. c3 Rb5 32. c4 Rb3+ 33. Kd2
Rxh3 34. Ke2 g4 35. Rg1 h5 36. Kf2 Rc3 37. Rh1 Rxc4 38. Rxh5 Rxe4 39. Kg3 b5
40. Rg5+ Kf8 41. Rh5 b4 42. Rh8+ Kg7 43. Rc8 b3 44. Rxc7 Rb4 45. Rc1 b2 46. Rb1
Kf6 47. Kg2 Kg5 48. Kf2 f5 49. Kg3 f4+ 50. Kg2 e4 51. Kf2 e3+ 52. Ke2 g3 53.
Kf3 e2 54. Kxe2 Re4+ 55. Kf3 Re3+ 56. Kg2 Kg4 57. Rxb2 f3+ 58. Kg1 f2+ 59. Kg2
Re1 60. Rb4+ Kf5 61. Kxg3 f1=Q 62. Rb8 Re3+ 63. Kh4 Qh1# 0-1

[Event "KATEGORNI TURNIR IV. KATEGORNIKOV"]
[Site "Domzale"]
[Date "2009.03.18"]
[Round "11"]
[White "Klancicar, Vid"]
[Black "Hribar, Leon"]
[Result "1-0"]
[WhiteElo "1500"]
[BlackElo "1500"]
[PlyCount "21"]
[EventDate "2002.01.09"]

1. e4 e5 2. Nf3 Nc6 3. Bb5 d6 4. d3 a6 5. Ba4 b5 6. Bb3 Bg4 7. h3 Bh5 8. O-O
Nd4 9. g4 Nxf3+ 10. Qxf3 Bxg4 11. Qxf7# 1-0

[Event "KATEGORNI TURNIR IV. KATEGORNIKOV"]
[Site "Domzale"]
[Date "2009.03.25"]
[Round "11"]
[White "Tavcar, Jan"]
[Black "Rajkovic, Ziga"]
[Result "1-0"]
[WhiteElo "1500"]
[BlackElo "1500"]
[PlyCount "39"]
[EventDate "2002.01.09"]

1. e4 d5 2. exd5 Qxd5 3. Nc3 Qe5+ 4. Nge2 Bg4 5. h3 Bxe2 6. Bxe2 e6 7. O-O Bd6
8. g3 Nf6 9. d3 Nh5 10. Bxh5 Qxh5 11. Qxh5 O-O 12. Nb5 g6 13. Qf3 Be5 14. Qxb7
Nd7 15. Nxc7 Bxc7 16. Qxc7 Nf6 17. Bg5 Nd5 18. Qe5 Rad8 19. Bh6 Rfe8 20. Qg7#
1-0